| 000 | 00675nam a2200205Ii 4500 | ||
|---|---|---|---|
| 003 | JO-AjNU | ||
| 008 | 230605s9999||||xx |||||||||||||| ||und|| | ||
| 040 |
_aJO-AjNU _bara _erda _cJO-AjNU |
||
| 041 | _aara | ||
| 050 | 1 | 4 | _aHT169.S33.S87 1986 |
| 100 | 3 |
_aاعداد السرياني، محمد محمود, _eauthor _956923 |
|
| 245 | 0 | 0 | _aمكة المكرمة: دراسة في مخططات الأراضي |
| 250 | _aط1 | ||
| 264 | 3 | 1 | _aام القرى: د.ن، 1986 |
| 300 | _a51ص | ||
| 336 |
_atext _btxt _2rdacontent |
||
| 337 |
_aunmediated _bn _2rdamedia |
||
| 338 |
_avolume _bnc _2rdacarrier |
||
| 650 | 4 |
_aتخطيط المدن- السعودية - مكة _956924 |
|
| 999 |
_aA25478 _c29046 _d29046 |
||